| 000 | 00389nam a2200109Ia 4500 | ||
|---|---|---|---|
| 008 | 171211s9999 xx 000 0 und d | ||
| 245 | _aSelf-Determination Theory Basic Psychological Needs in Motivation, Development, and Wellness | ||
| 245 | _cEdward L. Deci PhD and Richard M. Ryan PhD LC | ||
| 260 | _c2017 | ||
| 650 | _xPSYCHOLOGY | ||
| 856 | _uhttp://down.ebook777.com/063/1462528767.pdf | ||
| 999 |
_c349248 _d349248 |
||